000 00472nam a2200169Ia 4500
008 230917s9999||||xx |||||||||||||| ||und||
020 _cRS595
040 _e247552
_aMAIN
041 _aEnglish
082 _a658.3 P193H
100 _aPani, Prabhat Kumar
245 0 _aHuman resource management: Concepts and strategies
260 _aNew Delhi
_bS K Book Agency
_c2015
300 _a282 p.
500 _a3121 23/05/2018 RBP18/71410 01/06/2018 Main Budget
942 _cBK
999 _c26795
_d26795